00669nam a2200181 a 450000100100000000500170001000800410002702000150006804000250008310000360010824500910014426000740023530000210030970000260033004900090035695201050036599900170047000003414120200930070817.0110926s2004 cu 000 0 spa d a9591008740 aDO-SdBNPbspacBNPHU1 aAcosta, Leonardo,c1933-95955910aOtra visión de la música popular cubana /cLeonardo Acosta ; Editor Samuel Minski. aLa Habana :bInstituto Cubano del LibrobLetras Cubanas,c2004fNomos a275 p. ;c21 cm.1 aMinski, Samuel959560 aBNPD 001050718MOaGRbGRcCTd2011-09-26iLF1l0o p34141-10r2020-06-25w2020-06-25y1ZNo se presta c33632d33632